Oxford primary essentials test papers
| Main Author: | |
|---|---|
| Format: | Book |
| Published: |
Sg :
Marshall Cavendish International ,
2011
|
| Subjects: |
MARC
| LEADER | 00000cam a2200000 7i4500 | ||
|---|---|---|---|
| 001 | 0000053855 | ||
| 005 | 20160330.0 | ||
| 008 | 151027 | ||
| 020 | |a 9789810112882 | ||
| 090 | 0 | 0 | |a 428.2076 |b MEE |
| 100 | 0 | |a Mee, Cheah Yin | |
| 245 | 1 | 0 | |a Oxford primary essentials test papers |c Dr Cheah Yin Mee |
| 260 | |a Sg : |b Marshall Cavendish International , |c 2011 | ||
| 500 | |a Teenager ages 13-18 years old (blue) | ||
| 650 | 0 | |a English language |x Problems, exercise, etc | |
| 999 | |a 0001349148 |b Book |c Teenagers |e Perbadanan Perpustakaan Awam Johor | ||